00622nam a2200205 a 450000100060000000300090000600800410001502000150005604000280007108200160009910000330011524500150014826000320016330000080019559001350020365000300033865000190036894200120038799900170039921197CO-ViMGA141112s2004 ck r 000 u spa d a9587044207 aCO-ViMGAbspacCO-ViMGA04aPe863 R652a1 aRoncagliolo, Santiago93022710aAbril Rojo aBogotá; alfaguara, c2006 a301 aForma de adquisición : Compra Fact.0854 - - Precio : 39000 - - Proveedor : Temas y libros - - Fecha de adquisición : Mayo 200714aLITERATURA PERUANA91510714aNOVELA PERUANA 2ddccBK c29845d29845